Language arts today / (Record no. 11904)

000 -LEADER
fixed length control field 01942cam a2200625Ia 4500
020 ## - INTERNATIONAL STANDARD BOOK NUMBER
ISBN 0022443665 (Grade K)
020 ## - INTERNATIONAL STANDARD BOOK NUMBER
ISBN 9780022443665 (Grade K)
020 ## - INTERNATIONAL STANDARD BOOK NUMBER
ISBN 0022442995 (Grade 1)
020 ## - INTERNATIONAL STANDARD BOOK NUMBER
ISBN 9780022442996 (Grade 1)
020 ## - INTERNATIONAL STANDARD BOOK NUMBER
ISBN 0022443002 (Grade 2)
020 ## - INTERNATIONAL STANDARD BOOK NUMBER
ISBN 9780022443009 (Grade 2)
020 ## - INTERNATIONAL STANDARD BOOK NUMBER
ISBN 0022443010 (Grade 3)
020 ## - INTERNATIONAL STANDARD BOOK NUMBER
ISBN 9780022443016 (Grade 3)
020 ## - INTERNATIONAL STANDARD BOOK NUMBER
ISBN 0022443029 (Grade 4)
020 ## - INTERNATIONAL STANDARD BOOK NUMBER
ISBN 9780022443023 (Grade 4)
020 ## - INTERNATIONAL STANDARD BOOK NUMBER
ISBN 0022443037 (Grade 5)
020 ## - INTERNATIONAL STANDARD BOOK NUMBER
ISBN 9780022443030 (Grade 5)
020 ## - INTERNATIONAL STANDARD BOOK NUMBER
ISBN 0022443045 (Grade 6)
020 ## - INTERNATIONAL STANDARD BOOK NUMBER
ISBN 9780022443047 (Grade 6)
020 ## - INTERNATIONAL STANDARD BOOK NUMBER
ISBN 0022443053 (Grade 7)
020 ## - INTERNATIONAL STANDARD BOOK NUMBER
ISBN 9780022443054 (Grade 7)
020 ## - INTERNATIONAL STANDARD BOOK NUMBER
ISBN 0022443673 (Grade K)
020 ## - INTERNATIONAL STANDARD BOOK NUMBER
ISBN 9780022443672 (Grade K)
020 ## - INTERNATIONAL STANDARD BOOK NUMBER
ISBN 002244307X (Grade 1)
020 ## - INTERNATIONAL STANDARD BOOK NUMBER
ISBN 9780022443078 (Grade 1)
020 ## - INTERNATIONAL STANDARD BOOK NUMBER
ISBN 0022443088 (Grade 2)
020 ## - INTERNATIONAL STANDARD BOOK NUMBER
ISBN 9780022443085 (Grade 2)
020 ## - INTERNATIONAL STANDARD BOOK NUMBER
ISBN 0022443096 (Grade 3)
020 ## - INTERNATIONAL STANDARD BOOK NUMBER
ISBN 9780022443092 (Grade 3)
020 ## - INTERNATIONAL STANDARD BOOK NUMBER
ISBN 0022443126 (Grade 4)
020 ## - INTERNATIONAL STANDARD BOOK NUMBER
ISBN 9780022443122 (Grade 4)
020 ## - INTERNATIONAL STANDARD BOOK NUMBER
ISBN 002244310X (Grade 5)
020 ## - INTERNATIONAL STANDARD BOOK NUMBER
ISBN 9780022443108 (Grade 5)
020 ## - INTERNATIONAL STANDARD BOOK NUMBER
ISBN 0022443118 (Grade 6)
020 ## - INTERNATIONAL STANDARD BOOK NUMBER
ISBN 9780022443115 (Grade 6)
020 ## - INTERNATIONAL STANDARD BOOK NUMBER
ISBN 0022443134 (Grade 7)
020 ## - INTERNATIONAL STANDARD BOOK NUMBER
ISBN 9780022443139 (Grade 7)
020 ## - INTERNATIONAL STANDARD BOOK NUMBER
ISBN 0022443142 (Grade 8)
020 ## - INTERNATIONAL STANDARD BOOK NUMBER
ISBN 9780022443146 (Grade 8)
040 ## - CATALOGING SOURCE
Transcribing agency SEM
082 ## - DEWEY DECIMAL CLASSIFICATION NUMBER
Classification number 372 HIL 1998 A016 Or.
100 1# - MAIN ENTRY--AUTHOR NAME
Personal name McCallum, Ann.
245 10 - TITLE STATEMENT
Title Language arts today /
246 1# - VARYING FORM OF TITLE
Title proper/short title McGraw Hill
250 ## - EDITION STATEMENT
Edition statement Classic ed.
260 ## - PUBLICATION, DISTRIBUTION, ETC. (IMPRINT)
Place of publication New York :
Name of publisher McGraw-Hill School Division,
Year of publication c1998.
300 ## - PHYSICAL DESCRIPTION
Number of Pages 9 v. :
Other physical details col. ill. ;
Dimensions 24-28 cm. +
Accompanying material teacher's edition.
500 ## - GENERAL NOTE
General note Each volume is a separate grade level: K - 8.
650 #0 - SUBJECT ADDED ENTRY--TOPICAL TERM
Topical Term Language arts (Elementary)
650 #0 - SUBJECT ADDED ENTRY--TOPICAL TERM
Topical Term Language arts (Primary)
650 #0 - SUBJECT ADDED ENTRY--TOPICAL TERM
Topical Term English language
700 1# - ADDED ENTRY--PERSONAL NAME
Personal name Strong, William,
700 1# - ADDED ENTRY--PERSONAL NAME
Personal name Thoburn, Tina.
942 ## - ADDED ENTRY ELEMENTS (KOHA)
Koha item type សៀវភៅភាសាអង់គ្លេស
952 ## - LOCATION AND ITEM INFORMATION (KOHA)
Withdrawn status [LOCAL, KOHA] 0
Holdings
Permanent Location Date acquired Koha item type Lost status Shelving location Barcode Current Location Full call number
Library Block A2017-08-08សៀវភៅភាសាអង់គ្លេស A019A16712Library Block A372 HIL 1998 A019 Or.
មជ្ឈមណ្ឌលឯការនៃសាកលវិទ្យាល័យភូមិន្ទកសិកម្មចំការដូង

Powered by Koha